WW2 Battles - Statistics

General Stats
  • This quiz has been taken 106 times
  • The average score is 9 of 12
Answer Stats
Hint Answer % Correct
Battle which saw the most casualties ever Stalingrad
98%
Turning point in the pacific Midway
93%
Longest siege of the war Leningrad
86%
Saw the escape of over 300,000 Allied soldiers early in the war Dunkirk
80%
Battle which saw famous photo of Americans holding up a flag Iwo Jima
80%
Last major German offensive Bulge
78%
Largest tank battle in history Kursk
75%
Deadliest pacific battle Okinawa
74%
Town which saw Rommel's furthest advance into Egypt El Alamein
65%
Japanese victory over this British stronghold Singapore
64%
Battle which saw the second most casualties Berlin
63%
Longest battle of WW2 Atlantic
20%
No matching quizzes found
Score Distribution
Percent of People with Each Score
Percentile by Number Answered
Your Score History
You have not taken this quiz